000 01155nam a2200397 i 4500
001 35381
003 KOSZ 005
005 20190807094901.0
008 020619s2001 pl a |000 0 pol
015 _aPB 2004/2476
020 _a8390189151
035 _a(OCoLC)749413811
040 _aWA N
_cWA N
_dKOSZ 005/HR
041 0 _apol
046 _k2001
080 _a346.52(438)
080 _a(094.5.07)
100 1 _aBartoszek, Ewa.
_eAutor
245 1 0 _aRachunkowość 2002 :
_bustawa z komentarzem /
_cEwa Bartoszek, Jolanta Juszczyk.
260 _aSzczecin :
_b"Buchalter",
_c2001.
300 _a142 s. :
_btab. ;
_c29 cm.
336 _2rdacontent
_aTekst
_btxt
337 _2rdamedia
_aBez urządzenia pośredniczącego
_bn
338 _2rdacarrier
_aWolumin
_bnc
380 _aKsiążki.
388 _a2001-
490 1 _aBiblioteka "Buchalter"
504 _aBibliogr. s. 142.
658 _aGospodarka, ekonomia, finanse
650 4 _aRachunkowość
651 4 _aPolska
650 4 _aPrawo
700 1 _aJuszczyk, Jolanta.
_eAutor
830 0 _aBiblioteka "Buchalter"
942 _2UKD
_cKS
999 _c35381
_d35381